000 00972nam a2200325 i 4500
999 _c65416
_d65416
001 768714001
003 CO-MdFUSB
005 20200303153017.0
007 ta
008 200303t1990 -us |||| |||| 00| 0 eng d
020 _a0836135334
040 _aCO-MdFUSB
_bspa
_cCO-MdFUSB
_dCO-MdFUSBC
_erda
041 _aeng
082 _223
_a261.8
_bN993
100 _aNyce, Dorothy Yoder.
_eautor
245 _aJesus clear call to justice
_c/ Dorothy Yoder Nyce
264 1 _aEstados Unidos :
_bHerald Press,
_c[1984]
264 4 _c© 1984
300 _a95 páginas
_c; 20 cm
336 _2rdacontent
_atexto
_btxt
337 _2rdamedia
_asin mediación
_bn
338 _2rdacarrier
_avolumen
_bnc
490 _aPeace and justice series,
505 _aPaz o bienestar. -- Justicia o poder. -- Reino, o la presencia de Dios, orden, voluntad. -- Perdón
563 _aRústico
650 0 _916
_aBiblia
942 _cBK
945 _aJTF-925